Slovenská sporiteľňa priznala rekordnú stratu a vracia sa k zisku
Hospodárenie Slovenskej sporiteľne (SLSP), a.s. Bratislava v r. 1999 - rekordná strata. Sporiteľňa priznala stratu po prvýkrát. Na strate sa významnou mierou podieľalo prevzatie Priemyselnej banky, a.s. Košice. Sporiteľňa tento rok vytvára opäť zisk, rastú aj vklady klientov. Sporiteľňa ešte neprist...
Uložené v:
| Hlavný autor: | |
|---|---|
| Médium: | Kapitola |
| Jazyk: | Slovak |
| Predmet: | |
| Tagy: |
Žiadne tagy, Buďte prvý, kto otaguje tento záznam!
|
MARC
| LEADER | 00000naa a2200000 4500 | ||
|---|---|---|---|
| 001 | r038355 | ||
| 005 | 20230921105245.3 | ||
| 041 | 0 | |a slo | |
| 044 | |a SK | ||
| 245 | 1 | 0 | |a Slovenská sporiteľňa priznala rekordnú stratu a vracia sa k zisku |c Ján Kovalčík |
| 520 | |a Hospodárenie Slovenskej sporiteľne (SLSP), a.s. Bratislava v r. 1999 - rekordná strata. Sporiteľňa priznala stratu po prvýkrát. Na strate sa významnou mierou podieľalo prevzatie Priemyselnej banky, a.s. Košice. Sporiteľňa tento rok vytvára opäť zisk, rastú aj vklady klientov. Sporiteľňa ešte nepristúpila k zásadnému zníženiu počtu pracovníkov. Výsledky hospodárenia SLSP. | ||
| 610 | 2 | 0 | |a sporiteľne |
| 610 | 2 | 0 | |a hospodárenie finančné |
| 610 | 2 | 0 | |a strata |
| 610 | 2 | 0 | |a zisk |
| 610 | 2 | 0 | |a vklady |
| 610 | 2 | 0 | |a úver |
| 610 | 2 | 0 | |a počet pracovníkov |
| 610 | 2 | 0 | |a Slovenská sporiteľňa, a.s. Bratislava |
| 610 | 2 | 0 | |a 1999 |
| 100 | 1 | |a Kovalčík, Ján | |